| 000 | 00838nam a22002292 4500 | ||
|---|---|---|---|
| 001 | 0000007138 | ||
| 005 | 20151217152024.0 | ||
| 008 | 071120s xx 000 0 eng d | ||
| 020 |
_a0821361252 : _cKES 3000 |
||
| 040 |
_aKABU _cKABU |
||
| 245 | 1 | 0 |
_aGlobal integration and technology transfer / _ced. by Bernard Hoekman and Beata Smarzynska Javorcik. |
| 260 |
_aWashington, D. C. : _bWorld Bank, _c2006. |
||
| 300 | _axix, 346 p. | ||
| 650 | 0 |
_aInternational economic integration. _@0000151356 |
|
| 650 | 0 |
_aTechnology transfer _xEconmic aspects _zDeveloping countries. _@0000158218 |
|
| 700 | 1 |
_aHoekman, Bernard. _@0000158219 |
|
| 700 | 1 |
_aJavorcik, Beata Smarzynska. _@0000158220 |
|
| 908 | _a071120 | ||
| 950 | _@1 | ||
| 999 |
_c7415 _d7415 |
||